White Fire / (Record no. 9896)

MARC details
000 -LEADER
fixed length control field 00497nam a22001817a 4500
003 - CONTROL NUMBER IDENTIFIER
control field OSt
005 - DATE AND TIME OF LATEST TRANSACTION
control field 20260427011150.0
008 - FIXED-LENGTH DATA ELEMENTS--GENERAL INFORMATION
fixed length control field 260427b |||||||| |||| 00| 0 eng d
040 ## - CATALOGING SOURCE
Original cataloging agency DWCL - Main lib
Transcribing agency OC
082 ## - DEWEY DECIMAL CLASSIFICATION NUMBER
Classification number Fic. Ed96w
100 ## - MAIN ENTRY--PERSONAL NAME
Personal name Edward, E.J.
245 ## - TITLE STATEMENT
Title White Fire /
Statement of responsibility, etc. E.J. Edwards
260 ## - PUBLICATION, DISTRIBUTION, ETC.
Place of publication, distribution, etc. Milwaukee, Wisconsin :
Name of publisher, distributor, etc. The Bruce Publishing Company,
Date of publication, distribution, etc. c1944.
300 ## - PHYSICAL DESCRIPTION
Extent 219 p. :
Dimensions 18 cm.
504 ## - BIBLIOGRAPHY, ETC. NOTE
Bibliography, etc. note I. Includes Index.
650 ## - SUBJECT ADDED ENTRY--TOPICAL TERM
Topical term or geographic name entry element 1. Fiction
942 ## - ADDED ENTRY ELEMENTS (KOHA)
Source of classification or shelving scheme Dewey Decimal Classification
Koha item type Fiction
Call number suffix Fic.
Suppress in OPAC No
952 ## - LOCATION AND ITEM INFORMATION (KOHA)
--
952 ## - LOCATION AND ITEM INFORMATION (KOHA)
--
Holdings
Withdrawn status Lost status Source of classification or shelving scheme Damaged status Not for loan Home library Current library Shelving location Date acquired Source of acquisition Total Checkouts Full call number Barcode Date last seen Copy number Price effective from Koha item type Uniform Resource Identifier
    Dewey Decimal Classification     Junior High School Library Junior High School Library Fiction 02/25/1965 Library Fund   Fic. Ed96w JHS - 32 04/27/2026 c1 04/27/2026 FIC.
    Dewey Decimal Classification     Junior High School Library Junior High School Library Fiction 02/25/1965 Library Fund   Fic. Ed96w JHS - 33 04/27/2026 c2 04/27/2026 FIC.